000 00509nam a2200205Ia 4500
003 OSt
005 20250923160641.0
008 210210b2005 xxu||||| |||| 00| 0 eng d
020 _a0750662182
040 _cAL
041 _aeng
082 _a658.562 WILS
100 _aGraham Wilson
_9240285
245 _aSix sigma and the product development cycle
260 _aAmsterdam
_bElseveir
_c2005
300 _aix,234p
690 _aTotal Quality Management
_9240286
906 _a066237
942 _2ddc
_cBK
999 _c147526
_d147526